000 00641nam a2200205Ia 4500
008 130821s2001 ck gr spa
020 _a958682327X
040 _aCo-BoUCM
_bspa
041 0 0 _aspa
110 _aAsociación Bancaria de Colombia
_997564
245 0 3 _aUn compromiso con la reactivación
_cAsobancaria
260 _aBogotá (Colombia)
_bAlfaomega
_c2001
300 _aix, 282 páginas
650 0 4 _aEconomía
_9174
650 0 4 _aFinanzas
_97628
650 0 4 _aInstituciones financieras
_zColombia
_928426
650 0 4 _aPonencias
_922090
942 _cLIBRO
_a7
_e1
_mA837
_2DEWEY
_h332.1
999 _c33137
_d33137